<?xml version="1.0" encoding="UTF-8"?>
<record
    xmlns:xsi="http://www.w3.org/2001/XMLSchema-instance"
    xsi:schemaLocation="http://www.loc.gov/MARC21/slim http://www.loc.gov/standards/marcxml/schema/MARC21slim.xsd"
    xmlns="http://www.loc.gov/MARC21/slim">

  <leader>01150cam a2200349 a 4500</leader>
  <controlfield tag="003">OSt</controlfield>
  <controlfield tag="005">20140311163201.0</controlfield>
  <controlfield tag="008">980428s1998    nyua   b      000 1 eng  </controlfield>
  <datafield tag="010" ind1=" " ind2=" ">
    <subfield code="a">   98024127 </subfield>
  </datafield>
  <datafield tag="020" ind1=" " ind2=" ">
    <subfield code="a">0590523082 (pbk.)</subfield>
  </datafield>
  <datafield tag="040" ind1=" " ind2=" ">
    <subfield code="a">DLC</subfield>
    <subfield code="c">DLC</subfield>
    <subfield code="d">DLC</subfield>
  </datafield>
  <datafield tag="042" ind1=" " ind2=" ">
    <subfield code="a">lcac</subfield>
  </datafield>
  <datafield tag="050" ind1="0" ind2="0">
    <subfield code="a">PZ 7</subfield>
    <subfield code="b">.M47879Fl 2003</subfield>
  </datafield>
  <datafield tag="100" ind1="1" ind2=" ">
    <subfield code="a">McMullan, Kate.</subfield>
    <subfield code="9">6752</subfield>
  </datafield>
  <datafield tag="245" ind1="1" ind2="0">
    <subfield code="a">Fluffy saves Christmas /</subfield>
    <subfield code="c">Kate McMullan ; illustrated by Mavis Smith.</subfield>
  </datafield>
  <datafield tag="260" ind1=" " ind2=" ">
    <subfield code="a">New York :</subfield>
    <subfield code="b">Scholastic Inc.,</subfield>
    <subfield code="c">2003.</subfield>
  </datafield>
  <datafield tag="300" ind1=" " ind2=" ">
    <subfield code="a">1 v. (unpaged) :</subfield>
    <subfield code="b">col. ill. ;</subfield>
    <subfield code="c">23 cm.</subfield>
  </datafield>
  <datafield tag="440" ind1=" " ind2="0">
    <subfield code="a">Hello reader!</subfield>
    <subfield code="n">Level 3</subfield>
    <subfield code="9">28024</subfield>
  </datafield>
  <datafield tag="521" ind1="0" ind2=" ">
    <subfield code="a">G2</subfield>
  </datafield>
  <datafield tag="526" ind1=" " ind2=" ">
    <subfield code="c">320</subfield>
  </datafield>
  <datafield tag="650" ind1=" " ind2="1">
    <subfield code="a">Guinea pigs</subfield>
    <subfield code="x">Fiction.</subfield>
    <subfield code="9">28025</subfield>
  </datafield>
  <datafield tag="650" ind1=" " ind2="1">
    <subfield code="a">Christmas</subfield>
    <subfield code="x">Fiction.</subfield>
    <subfield code="9">28026</subfield>
  </datafield>
  <datafield tag="650" ind1=" " ind2="1">
    <subfield code="a">Santa Claus</subfield>
    <subfield code="x">Fiction.</subfield>
    <subfield code="9">28027</subfield>
  </datafield>
  <datafield tag="650" ind1=" " ind2="1">
    <subfield code="a">Dreams</subfield>
    <subfield code="x">Fiction.</subfield>
    <subfield code="9">28028</subfield>
  </datafield>
  <datafield tag="650" ind1=" " ind2="1">
    <subfield code="a">Schools</subfield>
    <subfield code="x">Fiction.</subfield>
    <subfield code="9">28029</subfield>
  </datafield>
  <datafield tag="700" ind1="1" ind2=" ">
    <subfield code="a">Smith, Mavis,</subfield>
    <subfield code="e">ill.</subfield>
    <subfield code="9">28030</subfield>
  </datafield>
  <datafield tag="906" ind1=" " ind2=" ">
    <subfield code="a">7</subfield>
    <subfield code="b">cbc</subfield>
    <subfield code="c">orignew</subfield>
    <subfield code="d">1</subfield>
    <subfield code="e">ocip</subfield>
    <subfield code="f">19</subfield>
    <subfield code="g">y-gencatlg</subfield>
  </datafield>
  <datafield tag="942" ind1=" " ind2=" ">
    <subfield code="2">lcc</subfield>
    <subfield code="c">BK</subfield>
  </datafield>
  <datafield tag="999" ind1=" " ind2=" ">
    <subfield code="c">42493</subfield>
    <subfield code="d">42493</subfield>
  </datafield>
  <datafield tag="952" ind1=" " ind2=" ">
    <subfield code="0">0</subfield>
    <subfield code="1">0</subfield>
    <subfield code="2">lcc</subfield>
    <subfield code="4">0</subfield>
    <subfield code="a">MU</subfield>
    <subfield code="b">MU</subfield>
    <subfield code="c">SCHO</subfield>
    <subfield code="d">2014-02-28</subfield>
    <subfield code="l">0</subfield>
    <subfield code="o">PZ 7 .M47879Fl 2003</subfield>
    <subfield code="p">MS2180</subfield>
    <subfield code="r">2014-02-28 00:00:00</subfield>
    <subfield code="t">1</subfield>
    <subfield code="w">2014-02-28</subfield>
    <subfield code="y">BK</subfield>
  </datafield>
  <datafield tag="952" ind1=" " ind2=" ">
    <subfield code="0">0</subfield>
    <subfield code="1">0</subfield>
    <subfield code="2">lcc</subfield>
    <subfield code="4">0</subfield>
    <subfield code="a">MU</subfield>
    <subfield code="b">MU</subfield>
    <subfield code="c">SCHO</subfield>
    <subfield code="d">2014-02-28</subfield>
    <subfield code="l">0</subfield>
    <subfield code="o">PZ 7 .M47879Fl 2003</subfield>
    <subfield code="p">MS2181</subfield>
    <subfield code="r">2014-02-28 00:00:00</subfield>
    <subfield code="t">2</subfield>
    <subfield code="w">2014-02-28</subfield>
    <subfield code="y">BK</subfield>
  </datafield>
</record>
